Films de Steven Soderbergh par images - Statistiques

Statistiques générales
  • Ce quiz a été pris 43 fois
  • Le résultat moyen est 4 sur 12
Statistiques - réponses
Par images Réponse % Correct
Ocean's Eleven
98%
Magic Mike
71%
Erin Brockovich, seule contre tous
38%
Contagion
36%
Sexe, mensonges & vidéo
31%
Solaris
29%
Traffic
26%
Logan Lucky
19%
Paranoïa
17%
Hors d'atteinte
14%
Effets secondaires
12%
The Laundromat : L'Affaire des Panama Papers
7%
Aucun quiz correspondant
Distribution des résultats
% des personnes avec chaque résultat
Percentile par nombre de réponses
Votre historique - résultats
Vous n’avez pas pris ce quiz